[Event "British Columbia-ch U20"]
[Site "Richmond CAN"]
[Date "2019.11.09"]
[Round "1.4"]
[White "Jiang, Kate"]
[Black "Guo, Veronica (Yu Han)"]
[Result "1/2-1/2"]
[WhiteElo "1952"]
[BlackElo "1663"]
[PlyCount "128"]
[EventDate "2019.11.09"]
[EventType "swiss"]
[EventRounds "5"]
[EventCountry "CAN"]

1. e4 e5 2. Nf3 Nc6 3. Bb5 a6 4. Ba4 Nf6 5. O-O Be7 6. Re1 b5 7. Bb3 d6 8. c3
Na5 9. Bc2 c5 10. h3 Qc7 11. d4 cxd4 12. cxd4 Nc6 13. Bb3 Bb7 14. Nc3 Na5 15.
Nd5 Nxd5 16. Bxd5 Bxd5 17. exd5 f6 18. Bd2 Nc4 19. b3 Nb6 20. Ba5 Qb7 21. dxe5
fxe5 22. Bxb6 Qxb6 23. Rc1 O-O 24. Rc6 Qa5 25. Qd2 Qxd2 26. Nxd2 Rf6 27. Ne4
Rg6 28. Rec1 Rf8 29. g3 Rf4 30. Re1 a5 31. Rb6 b4 32. Ra6 Bd8 33. Kh2 Rf3 34.
Ra8 Rf8 35. Rc1 Kf7 36. Rc6 h5 37. Rxd6 Rxd6 38. Nxd6+ Ke7 39. Ne4 Rf3 40. Ra7+
Kf8 41. Kg2 Rd3 42. d6 Rd4 43. f3 Rd1 44. Ra8 Ke8 45. Rc8 Kd7 46. Rc2 Bb6 47.
Rd2 Rg1+ 48. Kh2 Rf1 49. Rd3 Ra1 50. Rd2 Rf1 51. Rd5 Ra1 52. Rd2 Rf1 53. Kg2
Rg1+ 54. Kh2 Rf1 55. Rd5 Ra1 56. Rd2 Rf1 57. Rd3 Ra1 58. Rd2 Rf1 59. Rd3 Ra1
60. Rd2 Rf1 61. Rd5 Ra1 62. Rd2 Rf1 63. Rd5 Ra1 64. Rd2 Rf1 1/2-1/2

[Event "British Columbia-ch U20"]
[Site "Richmond CAN"]
[Date "2019.11.09"]
[Round "1.5"]
[White "Luu, Tran Nguyen Khoi"]
[Black "James, Rowan"]
[Result "1-0"]
[WhiteElo "1627"]
[BlackElo "1951"]
[PlyCount "69"]
[EventDate "2019.11.09"]
[EventType "swiss"]
[EventRounds "5"]
[EventCountry "CAN"]

1. e4 e5 2. Nf3 Nc6 3. Nc3 Nf6 4. Bb5 Bb4 5. O-O O-O 6. d3 Bxc3 7. bxc3 d5 8.
Bxc6 bxc6 9. Nxe5 dxe4 10. Nxc6 Qd6 11. Na5 Ba6 12. Nc4 Bxc4 13. dxc4 Qe6 14.
Qe2 Rfe8 15. Bf4 Qc6 16. Rfd1 Nd7 17. Rd2 Nb6 18. Rd4 Rad8 19. Rad1 Rxd4 20.
Rxd4 Na4 21. Qd2 Nb6 22. Rd8 Kf8 23. Qd4 Nxc4 24. Rxe8+ Kxe8 25. Qxg7 Qb6 26.
h3 Qb1+ 27. Kh2 Qxa2 28. Qg8+ Ke7 29. Qg5+ Kd7 30. Qd5+ Ke7 31. Qxe4+ Kd7 32.
Qd5+ Ke7 33. Bxc7 Qa4 34. Bd8+ Ke8 35. Bf6 1-0

[Event "British Columbia-ch U20"]
[Site "Richmond CAN"]
[Date "2019.11.09"]
[Round "1.6"]
[White "Zheng, Victor"]
[Black "Qian, Jessica"]
[Result "1-0"]
[WhiteElo "1942"]
[BlackElo "1614"]
[PlyCount "101"]
[EventDate "2019.11.09"]
[EventType "swiss"]
[EventRounds "5"]
[EventCountry "CAN"]

1. Nf3 d5 2. g3 Nc6 3. d4 Bf5 4. Bg2 e6 5. O-O Nf6 6. c4 Be7 7. Nc3 O-O 8. cxd5
exd5 9. Bf4 a6 10. Rc1 Nh5 11. Be3 Re8 12. Qb3 Nf6 13. Ne5 Na5 14. Qa4 c6 15.
b4 Nc4 16. Nxc4 dxc4 17. a3 Nd5 18. Bd2 Bf6 19. e3 b5 20. Qd1 Rc8 21. Re1 Bd3
22. Qh5 g6 23. Qf3 Nxc3 24. Bxc3 Be4 25. Qf4 Bxg2 26. Kxg2 Qd5+ 27. e4 Qd8 28.
Rcd1 Bg5 29. Qg4 h5 30. Qf3 Qf6 31. Qe2 Re7 32. Qb2 Qd6 33. d5 Rce8 34. e5 Qd7
35. d6 Re6 36. f4 Bd8 37. Qf2 f5 38. Bd4 Qb7 39. Bc5 Qd7 40. Qd4 Kg7 41. h3 h4
42. g4 Rh8 43. gxf5 gxf5 44. Rg1 Rg6+ 45. Kh2 Kf7 46. Rxg6 Kxg6 47. Rg1+ Kf7
48. e6+ Qxe6 49. Rg7+ Kf8 50. d7+ Be7 51. d8=Q# 1-0

[Event "British Columbia-ch U20"]
[Site "Richmond CAN"]
[Date "2019.11.09"]
[Round "1.7"]
[White "Mok, Gillian"]
[Black "Leong, Ryan"]
[Result "1/2-1/2"]
[WhiteElo "1605"]
[BlackElo "1872"]
[PlyCount "124"]
[EventDate "2019.11.09"]
[EventType "swiss"]
[EventRounds "5"]
[EventCountry "CAN"]

1. e4 c6 2. d4 d5 3. exd5 cxd5 4. Nf3 Nf6 5. c4 Bg4 6. Nc3 e6 7. h3 Bh5 8. Bg5
Be7 9. cxd5 Nxd5 10. Bxe7 Nxe7 11. Bd3 Nbc6 12. g4 Bg6 13. O-O Nd5 14. Nxd5
Qxd5 15. b3 Bxd3 16. Qxd3 O-O-O 17. Rac1 Kb8 18. Rfd1 e5 19. Nxe5 Nxe5 20. Qg3
Qf3 21. Qxe5+ Ka8 22. Qe3 Qf6 23. d5 Rhe8 24. Qg3 Rd6 25. g5 Qd8 26. Qg4 Kb8
27. Qg2 h6 28. h4 hxg5 29. hxg5 Re5 30. Kf1 Rxg5 31. Qh2 a6 32. Rc5 Ka7 33. Qh1
Rf5 34. Qe4 Rdf6 35. Rd2 Qb8 36. Qe3 Rf3 37. Qe7 R3f5 38. Qe3 Rd6 39. a4 Re5
40. Qc3 f6 41. a5 Rd7 42. Rc8 Qxc8 43. Qxc8 Rdxd5 44. Rxd5 Rxd5 45. Qc3 Kb8 46.
b4 Re5 47. Qg3 g5 48. f4 Rf5 49. Kf2 Rxf4+ 50. Ke2 Kc8 51. Qh3+ Kc7 52. Qh7+
Kc6 53. Qe7 g4 54. Qe3 Rxb4 55. Qe8+ Kc5 56. Qe7+ Kc4 57. Qxf6 Rb5 58. Qf4+ Kc5
59. Qxg4 Rxa5 60. Kd3 Kb6 61. Qg1+ Kc7 62. Kc3 Rb5 1/2-1/2

[Event "British Columbia-ch U20"]
[Site "Richmond CAN"]
[Date "2019.11.09"]
[Round "1.8"]
[White "He, Matthew"]
[Black "Imoo, Joshua"]
[Result "1-0"]
[WhiteElo "1850"]
[BlackElo "1517"]
[PlyCount "83"]
[EventDate "2019.11.09"]
[EventType "swiss"]
[EventRounds "5"]
[EventCountry "CAN"]

1. d4 d5 2. c4 e6 3. Nf3 Nf6 4. g3 Be7 5. Bg2 O-O 6. O-O dxc4 7. Qc2 a6 8. a4
Bd7 9. Bg5 Bc6 10. Qxc4 b5 11. Qc2 h6 12. Bxf6 Bxf6 13. axb5 axb5 14. Rxa8 Bxa8
15. Rd1 g5 16. Nc3 b4 17. Ne4 Bg7 18. Ne5 Bd5 19. Qa4 f5 20. Nc5 b3 21. f3 Bxe5
22. dxe5 Qe7 23. Nd3 Nd7 24. e4 fxe4 25. fxe4 Nb6 26. Qd4 Bc4 27. Nc5 Qf7 28.
Rc1 g4 29. h4 h5 30. Rxc4 Nxc4 31. Qxc4 Qf2+ 32. Kh2 Rf3 33. Qxe6+ Kh7 34. Qe7+
Rf7 35. Qe8 Kg7 36. Ne6+ Kh6 37. Ng5 Rg7 38. Qh8+ Kg6 39. Qe8+ Kh6 40. e6 Qxb2
41. Qh8+ Kg6 42. e7 1-0

[Event "British Columbia-ch U20"]
[Site "Richmond CAN"]
[Date "2019.11.09"]
[Round "1.9"]
[White "Zhou, Zhengyuan (Frank)"]
[Black "Taylor, Ashton"]
[Result "0-1"]
[WhiteElo "1469"]
[BlackElo "1822"]
[PlyCount "114"]
[EventDate "2019.11.09"]
[EventType "swiss"]
[EventRounds "5"]
[EventCountry "CAN"]

1. e4 d6 2. d4 Nf6 3. Nc3 e5 4. Nf3 Nbd7 5. Bc4 Be7 6. O-O O-O 7. h3 exd4 8.
Qxd4 Nc5 9. Re1 c6 10. e5 dxe5 11. Rxe5 Qxd4 12. Nxd4 Bd6 13. Re1 b5 14. Bb3
Nxb3 15. Nxb3 b4 16. Na4 Bf5 17. Nd4 Be4 18. Bg5 Rae8 19. Rad1 c5 20. Bxf6 gxf6
21. f3 Bg6 22. Rxe8 Rxe8 23. Nb3 Bg3 24. c3 Bc2 25. Rc1 c4 26. Nbc5 b3 27. axb3
cxb3 28. Nd7 Kg7 29. Ndc5 Re5 30. Nd7 Rd5 31. Nac5 Bf4 32. Re1 Bf5 33. Nxf6
Kxf6 34. Nxb3 Bg3 35. Rc1 Rb5 36. Nd4 Rxb2 37. Nxf5 Kxf5 38. c4 Rb6 39. Kf1 Ke5
40. Ke2 Kd4 41. Rc2 Rb1 42. f4 Ke4 43. c5 Bxf4 44. c6 Rb8 45. Rc4+ Kf5 46. Kf3
Bd6 47. g4+ Ke6 48. Ke4 Rb4 49. Rd4 a5 50. Rxb4 axb4 51. Kd4 Ke7 52. Kc4 Kd8
53. Kd5 Kc7 54. h4 b3 55. Ke4 b2 56. Kf5 b1=Q+ 57. Kg5 Qg6# 0-1

[Event "British Columbia-ch U20"]
[Site "Richmond CAN"]
[Date "2019.11.09"]
[Round "1.10"]
[White "Chung, Alec"]
[Black "Zhang, Joyce"]
[Result "1-0"]
[WhiteElo "1814"]
[BlackElo "1449"]
[PlyCount "151"]
[EventDate "2019.11.09"]
[EventType "swiss"]
[EventRounds "5"]
[EventCountry "CAN"]

1. c4 c5 2. Nc3 Nf6 3. g3 Nc6 4. Bg2 e6 5. e4 Be7 6. Nge2 d6 7. d3 a6 8. h3 Bd7
9. Be3 Qc7 10. Qd2 b6 11. O-O O-O 12. f4 Qc8 13. g4 Rb8 14. a4 e5 15. f5 Nd4
16. g5 Nb3 17. Qd1 Nxa1 18. gxf6 Bxf6 19. Qxa1 g6 20. Nd5 Qd8 21. Bh6 Bg7 22.
Bxg7 Kxg7 23. f6+ Kh8 24. Qc1 Rg8 25. Ne7 Bxa4 26. Nc3 b5 27. Nc6 Qd7 28. Nxb8
Rxb8 29. Nd5 Qd8 30. Qh6 Qf8 31. Qxf8+ Rxf8 32. Kf2 h5 33. Ra1 Kh7 34. Ra3 Rb8
35. b3 Bxb3 36. Rxb3 b4 37. Bf3 a5 38. Bd1 a4 39. Rb1 b3 40. Nc3 Rb4 41. Ke3
Kh6 42. Nxa4 Rxa4 43. Rxb3 Ra1 44. Bf3 Ra7 45. Rb6 Rd7 46. h4 g5 47. hxg5+ Kxg5
48. Rb8 Kxf6 49. Rh8 Kg7 50. Rxh5 Rd8 51. Rh2 Rf8 52. Rg2+ Kf6 53. Rb2 Rd8 54.
Rb7 Kg6 55. Bg4 Kg5 56. Bf5 Kf6 57. Rd7 Rxd7 58. Bxd7 Kg5 59. Kf3 Kh4 60. Kg2
f6 61. Bf5 Kh5 62. Kh3 Kg5 63. Kg3 Kh5 64. Be6 Kg5 65. Bg4 Kh6 66. Kh4 Kg6 67.
Be6 Kh6 68. Bf5 Kg7 69. Kh5 Kf7 70. Kh6 Kf8 71. Kg6 Ke7 72. Kg7 Kd8 73. Kxf6
Kc7 74. Ke6 Kc6 75. Ke7 Kc7 76. Bd7 1-0

[Event "British Columbia-ch U20"]
[Site "Richmond CAN"]
[Date "2019.11.09"]
[Round "2.1"]
[White "Doknjas, Neil"]
[Black "Yang, Jingyun (Ryan)"]
[Result "1-0"]
[WhiteElo "2219"]
[BlackElo "1793"]
[PlyCount "49"]
[EventDate "2019.11.09"]
[EventType "swiss"]
[EventRounds "5"]
[EventCountry "CAN"]

1. e4 b6 2. d4 Bb7 3. Nc3 g6 4. Be3 Bg7 5. Bd3 d6 6. f4 Nd7 7. Nf3 Ngf6 8. h3
h5 9. Qe2 a6 10. e5 Nh7 11. e6 Ndf8 12. exf7+ Kxf7 13. Ng5+ Nxg5 14. fxg5 e5
15. Rf1+ Kg8 16. dxe5 Bxe5 17. O-O-O b5 18. Ne4 c5 19. Nxc5 dxc5 20. Bc4+ bxc4
21. Qxc4+ Bd5 22. Rxd5 Bxb2+ 23. Kb1 Qb8 24. Rd7+ Ne6 25. Qxe6# 1-0

[Event "British Columbia-ch U20"]
[Site "Richmond CAN"]
[Date "2019.11.09"]
[Round "2.2"]
[White "Gu, Chuyang"]
[Black "Zheng, Victor"]
[Result "0-1"]
[WhiteElo "1795"]
[BlackElo "1942"]
[PlyCount "140"]
[EventDate "2019.11.09"]
[EventType "swiss"]
[EventRounds "5"]
[EventCountry "CAN"]

1. e4 c5 2. Nf3 d6 3. d4 cxd4 4. Nxd4 Nf6 5. Nc3 a6 6. Bg5 e6 7. f4 Be7 8. Qf3
Qc7 9. O-O-O Nbd7 10. g4 b5 11. Bxf6 gxf6 12. Qh3 b4 13. Nce2 Bb7 14. Bg2 Rc8
15. Rd2 Qa5 16. Kb1 Nc5 17. Qe3 Rg8 18. h3 f5 19. Ng3 fxg4 20. hxg4 Rxg4 21.
Rxh7 b3 22. Nxb3 Nxb3 23. axb3 Rxg3 24. Qxg3 Qxd2 25. Qg8+ Kd7 26. Qxf7 Qxc2+
27. Ka2 Re8 28. f5 Qxg2 29. Qxe6+ Kd8 30. f6 Qxe4 31. fxe7+ Kc7 32. Qh3 Rxe7
33. Rh4 Qe5 34. Rh5 Qe1 35. Qd3 Qe2 36. Qc3+ Kd7 37. Qh3+ Qe6 38. Qc3 Bc6 39.
Qa5 Bb5 40. Qb6 Qe4 41. Rh6 Qc6 42. Qd4 Kc7 43. Qa7+ Kd8 44. Qb8+ Kd7 45. Qa7+
Qc7 46. Qd4 Qa5+ 47. Kb1 Re1+ 48. Kc2 Re2+ 49. Kb1 Re1+ 50. Kc2 Qc7+ 51. Qc3
Re2+ 52. Kd1 Qxc3 53. bxc3 Rb2 54. b4 Kc6 55. Rh4 Ba4+ 56. Ke1 Rc2 57. Rc4+ Kd5
58. Rd4+ Ke5 59. Rc4 Bb5 60. Rc8 d5 61. Rc5 Bc4 62. Rc8 Ke4 63. b5 axb5 64.
Re8+ Kd3 65. Rf8 Rc1+ 66. Kf2 Rxc3 67. Kg1 b4 68. Rf3+ Kc2 69. Rf2+ Kc1 70. Kh1
b3 0-1

[Event "British Columbia-ch U20"]
[Site "Richmond CAN"]
[Date "2019.11.09"]
[Round "2.3"]
[White "Wang, Alex Jiale"]
[Black "He, Matthew"]
[Result "1-0"]
[WhiteElo "1756"]
[BlackElo "1850"]
[PlyCount "123"]
[EventDate "2019.11.09"]
[EventType "swiss"]
[EventRounds "5"]
[EventCountry "CAN"]

1. d4 d5 2. c4 e6 3. Nc3 Bb4 4. Qc2 dxc4 5. e3 b5 6. a4 c6 7. Bd2 Qb6 8. Nf3
Nf6 9. axb5 cxb5 10. b3 Ba6 11. bxc4 bxc4 12. Qa4+ Ke7 13. Rb1 Bxc3 14. Rxb6
Bxd2+ 15. Nxd2 axb6 16. Bxc4 Rc8 17. O-O Bb7 18. Qb4+ Ke8 19. Qxb6 Bd5 20. Bxd5
Nxd5 21. Qb5+ Nd7 22. Ne4 Ke7 23. h3 Rab8 24. Qd3 Ra8 25. Rb1 f5 26. Ng3 Ra2
27. Re1 N7f6 28. e4 fxe4 29. Nxe4 Rcc2 30. Qg3 Nxe4 31. Qxg7+ Kd8 32. Qf8+ Kd7
33. Rxe4 Rc1+ 34. Kh2 Raa1 35. Qf7+ Kd8 36. Qxe6 Rh1+ 37. Kg3 Ra3+ 38. f3 Ra5
39. Re5 Kc7 40. Rxd5 Rxd5 41. Qxd5 Ra1 42. Qf7+ Kd6 43. Qxh7 Kd5 44. Qe4+ Kd6
45. h4 Rh1 46. Qe5+ Kd7 47. d5 Rc1 48. h5 Rc8 49. Qe6+ Kc7 50. Qxc8+ Kxc8 51.
h6 Kd7 52. h7 Kd6 53. h8=Q Kxd5 54. Kf4 Kc4 55. Ke4 Kc5 56. Qe5+ Kc4 57. Qd5+
Kb4 58. Kd4 Ka3 59. Kc4 Kb2 60. Qd2+ Ka1 61. Kc3 Kb1 62. Qb2# 1-0

[Event "British Columbia-ch U20"]
[Site "Richmond CAN"]
[Date "2019.11.09"]
[Round "2.4"]
[White "Taylor, Ashton"]
[Black "Luu, Tran Nguyen Khoi"]
[Result "1-0"]
[WhiteElo "1822"]
[BlackElo "1627"]
[PlyCount "79"]
[EventDate "2019.11.09"]
[EventType "swiss"]
[EventRounds "5"]
[EventCountry "CAN"]

1. c4 e5 2. g3 Nc6 3. Bg2 g6 4. Nc3 Bg7 5. Nf3 d6 6. O-O f5 7. d3 Nf6 8. Nd5
O-O 9. Bd2 h6 10. Qc1 Kh7 11. Rb1 Be6 12. Nxf6+ Qxf6 13. b4 g5 14. b5 Nd8 15.
c5 d5 16. Bc3 d4 17. Bb4 c6 18. Ba5 Bxa2 19. Rb2 Bd5 20. Bc7 Re8 21. e4 fxe4
22. dxe4 Bf7 23. h4 g4 24. Nh2 Qg6 25. f4 gxf3 26. Rxf3 h5 27. Bxd8 Rexd8 28.
bxc6 bxc6 29. Bh3 Be6 30. Bxe6 Qxe6 31. Rf5 Qg6 32. Rg5 Qxe4 33. Rxg7+ Kxg7 34.
Rb7+ Kf6 35. Qf1+ Qf5 36. Rf7+ Kxf7 37. Qxf5+ Kg8 38. Nf3 a5 39. Nxe5 Ra7 40.
Qg5+ 1-0

[Event "British Columbia-ch U20"]
[Site "Richmond CAN"]
[Date "2019.11.09"]
[Round "2.5"]
[White "Han, Aaron"]
[Black "Chung, Alec"]
[Result "0-1"]
[WhiteElo "1344"]
[BlackElo "1814"]
[PlyCount "80"]
[EventDate "2019.11.09"]
[EventType "swiss"]
[EventRounds "5"]
[EventCountry "CAN"]

1. d4 Nf6 2. c4 g6 3. Nc3 d5 4. Nf3 Bg7 5. Bf4 c6 6. Qb3 O-O 7. e3 dxc4 8. Bxc4
b5 9. Bd3 Be6 10. Qa3 Nbd7 11. h3 Nb6 12. b3 Nfd5 13. Nxd5 Nxd5 14. Bh2 a5 15.
Be4 Nb4 16. Rc1 Bd5 17. Bb1 Bxf3 18. gxf3 Qd7 19. Ke2 Nd5 20. Qc5 Rfc8 21. Be4
Bf8 22. Bg3 e5 23. Qc2 exd4 24. exd4 Nb4 25. Qd2 Re8 26. Kf1 Rad8 27. Be5 Rxe5
28. Rd1 Rh5 29. Kg2 Bh6 30. Qb2 Nd5 31. Bxd5 Rxd5 32. Rhe1 Rg5+ 33. Kf1 Qxh3+
34. Ke2 Re8+ 35. Kd3 Qxf3+ 36. Kc2 Qxf2+ 37. Kb1 Qxe1 38. Rxe1 Rxe1+ 39. Kc2
Rg2+ 40. Kd3 Re3# 0-1

[Event "British Columbia-ch U20"]
[Site "Richmond CAN"]
[Date "2019.11.09"]
[Round "2.6"]
[White "Wang, Jerry"]
[Black "Jiang, Kate"]
[Result "0-1"]
[WhiteElo "1693"]
[BlackElo "1952"]
[PlyCount "141"]
[EventDate "2019.11.09"]
[EventType "swiss"]
[EventRounds "5"]
[EventCountry "CAN"]

1. c4 c6 2. g3 d5 3. cxd5 cxd5 4. d4 Nf6 5. Bg2 Nc6 6. Nc3 Bf5 7. Nf3 e6 8. O-O
Be7 9. Bf4 O-O 10. Ne5 Rc8 11. Rc1 a6 12. Nxc6 bxc6 13. Qa4 Qb6 14. b3 c5 15.
Be3 c4 16. h3 cxb3 17. axb3 Rb8 18. g4 Bg6 19. g5 Ne8 20. Bf4 Ra8 21. e4 dxe4
22. Nxe4 Bxe4 23. Bxe4 Rd8 24. Rfd1 Qb4 25. Qxa6 Rxd4 26. Rxd4 Qxd4 27. Qc4
Qxc4 28. bxc4 Nd6 29. Bxd6 Bxd6 30. c5 Bf4 31. Rc2 Bxg5 32. c6 Bf4 33. Rb2 Rc8
34. Kg2 g6 35. Rb4 Be5 36. Rb5 Bd6 37. Rb7 Rc7 38. Rb8+ Kg7 39. Rd8 Be5 40. Rd7
Kf8 41. Rxc7 Bxc7 42. Kf3 f5 43. Bc2 e5 44. Ke2 h6 45. f3 Kf7 46. Bb3+ Kf6 47.
Kf2 g5 48. Bc2 Bb6+ 49. Kg2 Ke6 50. Bb3+ Kd6 51. Bc2 Ke6 52. Bb3+ Kf6 53. Bc2
Bc7 54. Kf2 Kg6 55. Kg2 Bb6 56. Bd3 Kf6 57. Bc2 Ke6 58. Bb3+ Kd6 59. Bc2 Ke6
60. Bb3+ Kf6 61. Bc2 h5 62. Kg3 Bc7 63. Kg2 Bd6 64. Bd3 g4 65. hxg4 fxg4 66.
fxg4 hxg4 67. Be4 Kg5 68. Kg3 Bc7 69. Bd3 e4+ 70. Kf2 exd3 71. Ke3 0-1

[Event "British Columbia-ch U20"]
[Site "Richmond CAN"]
[Date "2019.11.09"]
[Round "2.7"]
[White "Yang, Brian"]
[Black "Mok, Gillian"]
[Result "0-1"]
[WhiteElo "1953"]
[BlackElo "1605"]
[PlyCount "78"]
[EventDate "2019.11.09"]
[EventType "swiss"]
[EventRounds "5"]
[EventCountry "CAN"]

1. e4 e5 2. Nf3 Nc6 3. d4 exd4 4. Nxd4 Bc5 5. Nb3 Bb6 6. Nc3 d6 7. Qe2 a5 8. a4
Nf6 9. Bg5 h6 10. Bh4 Be6 11. Nd5 Ba7 12. Nxf6+ gxf6 13. O-O-O Qe7 14. f4 O-O-O
15. Qe1 Bxb3 16. cxb3 Nb4 17. Bc4 d5 18. exd5 Be3+ 19. Rd2 Bxd2+ 20. Qxd2 Qe4
21. Re1 Na2+ 22. Kd1 Qb1+ 23. Ke2 Rde8+ 24. Kf3 Rxe1 25. Bxe1 Re8 26. Bg3 Qe4+
27. Kf2 Nb4 28. Bh4 Nc2 29. Bxf6 Ne1 30. Bf1 Qg6 31. Bc3 Qb6+ 32. Bd4 Qxb3 33.
Qxa5 Nd3+ 34. Bxd3 Qxd3 35. Be5 Qc2+ 36. Kg3 Rg8+ 37. Kh4 Qf2+ 38. Kh5 Qe2+ 39.
Kxh6 Rg6+ 0-1

[Event "British Columbia-ch U20"]
[Site "Richmond CAN"]
[Date "2019.11.09"]
[Round "2.8"]
[White "Leong, Ryan"]
[Black "Yang, Henry"]
[Result "0-1"]
[WhiteElo "1872"]
[BlackElo "1547"]
[PlyCount "90"]
[EventDate "2019.11.09"]
[EventType "swiss"]
[EventRounds "5"]
[EventCountry "CAN"]

1. Nf3 Nf6 2. g3 d5 3. Bg2 Bf5 4. d3 e6 5. Nh4 Bg6 6. O-O Bd6 7. Nd2 O-O 8.
Nxg6 hxg6 9. c4 c6 10. b3 Nbd7 11. Bb2 Qe7 12. Nf3 Ba3 13. Qc2 Bxb2 14. Qxb2 a5
15. a3 c5 16. h3 Rab8 17. Qc3 Qd8 18. e3 b5 19. Rfb1 bxc4 20. bxc4 Qc7 21. a4
Rb6 22. Rb5 Rxb5 23. axb5 Ra8 24. Nd2 a4 25. g4 g5 26. Nf3 Nh7 27. cxd5 exd5
28. e4 dxe4 29. dxe4 Qa5 30. Qc4 a3 31. e5 Re8 32. Qd3 Nxe5 33. Nxe5 Rxe5 34.
Rxa3 Qb6 35. Ra6 c4 36. Ra8+ Nf8 37. Qa3 Rc5 38. Bc6 c3 39. Ra6 Rxc6 40. bxc6
Qb1+ 41. Kh2 c2 42. Ra8 c1=Q 43. Qxf8+ Kh7 44. Qh8+ Kg6 45. Qh5+ Kf6 0-1

[Event "British Columbia-ch U20"]
[Site "Richmond CAN"]
[Date "2019.11.09"]
[Round "2.9"]
[White "Guo, Veronica (Yu Han)"]
[Black "Qiu, Andrew Yu"]
[Result "0-1"]
[WhiteElo "1663"]
[BlackElo "1681"]
[PlyCount "62"]
[EventDate "2019.11.09"]
[EventType "swiss"]
[EventRounds "5"]
[EventCountry "CAN"]

1. e4 e5 2. Nf3 Nc6 3. Bc4 Bc5 4. c3 Nf6 5. d3 O-O 6. h3 d6 7. Nbd2 Be6 8. Ng5
Bxc4 9. Nxc4 h6 10. Nf3 Nd7 11. Ne3 Ne7 12. Nh4 Kh7 13. Nef5 Nf6 14. Nxe7 Qxe7
15. Nf5 Qd7 16. Qf3 Ne8 17. g4 f6 18. h4 Rd8 19. g5 fxg5 20. hxg5 d5 21. Be3
dxe4 22. dxe4 Bxe3 23. Qxe3 Nd6 24. gxh6 g6 25. Nh4 Nxe4 26. Nxg6 Rxf2 27. Nf8+
Rdxf8 28. Qxe4+ R8f5 29. Rd1 Qb5 30. c4 Qb4+ 31. Rd2 Qxd2# 0-1

[Event "British Columbia-ch U20"]
[Site "Richmond CAN"]
[Date "2019.11.09"]
[Round "2.10"]
[White "Xu, Andrew"]
[Black "Shinn, Jungmin"]
[Result "0-1"]
[WhiteElo "1514"]
[BlackElo "1978"]
[PlyCount "86"]
[EventDate "2019.11.09"]
[EventType "swiss"]
[EventRounds "5"]
[EventCountry "CAN"]

1. e4 e6 2. d4 d5 3. Nd2 c5 4. Ngf3 cxd4 5. Nxd4 dxe4 6. Nxe4 Nf6 7. Nxf6+ Qxf6
8. Bb5+ Bd7 9. O-O Bc5 10. Bxd7+ Nxd7 11. Nb5 Qe5 12. Qf3 O-O 13. Nc3 Nf6 14.
Bd2 Rfd8 15. Rfe1 Qh5 16. Qxh5 Nxh5 17. Rad1 Nf6 18. Bg5 Kf8 19. Na4 Be7 20. g3
Rac8 21. Nc3 Bb4 22. Rxd8+ Rxd8 23. Rd1 Rc8 24. Rd3 Bxc3 25. Rxc3 Rxc3 26. bxc3
Ne4 27. Be3 Nxc3 28. Bxa7 Nxa2 29. Bd4 f6 30. f4 Ke7 31. Kf2 Kd6 32. Bb2 Kd5
33. Ke3 Nb4 34. c3 Nc6 35. Kd3 b5 36. Ba3 e5 37. Bc1 e4+ 38. Ke3 f5 39. h3 Kc4
40. g4 g6 41. gxf5 gxf5 42. Bd2 Ne7 43. Be1 Nd5+ 0-1

[Event "British Columbia-ch U20"]
[Site "Richmond CAN"]
[Date "2019.11.10"]
[Round "3.1"]
[White "Chung, Alec"]
[Black "Doknjas, Neil"]
[Result "0-1"]
[WhiteElo "1814"]
[BlackElo "2219"]
[PlyCount "72"]
[EventDate "2019.11.09"]
[EventType "swiss"]
[EventRounds "5"]
[EventCountry "CAN"]

1. c4 e6 2. e4 d5 3. exd5 exd5 4. d4 Nf6 5. Bg5 Bb4+ 6. Nc3 O-O 7. Be2 dxc4 8.
Nf3 Qd6 9. Bxf6 Qxf6 10. O-O Bxc3 11. bxc3 b5 12. Ne5 Nd7 13. Bf3 Rb8 14. Nc6
Rb6 15. Nb4 c6 16. a4 a5 17. Nc2 b4 18. Ne3 Ba6 19. Be2 bxc3 20. Bxc4 Bxc4 21.
Nxc4 Rb4 22. Qd3 Qe6 23. Ne3 Nb6 24. Rfe1 Rxa4 25. Qxc3 Rxa1 26. Rxa1 a4 27.
Rb1 Nd5 28. Nxd5 cxd5 29. Re1 Qa6 30. Qa3 Qc4 31. Qf3 Qxd4 32. Rd1 Qe4 33. Qxe4
dxe4 34. Rd4 Ra8 35. Rxe4 a3 36. Re1 a2 0-1

[Event "British Columbia-ch U20"]
[Site "Richmond CAN"]
[Date "2019.11.10"]
[Round "3.2"]
[White "Zheng, Victor"]
[Black "Taylor, Ashton"]
[Result "1/2-1/2"]
[WhiteElo "1942"]
[BlackElo "1822"]
[PlyCount "185"]
[EventDate "2019.11.09"]
[EventType "swiss"]
[EventRounds "5"]
[EventCountry "CAN"]

1. Nf3 d5 2. g3 Nf6 3. Bg2 Bf5 4. O-O c6 5. d3 e6 6. Nbd2 Bd6 7. c4 O-O 8. a3
Nbd7 9. b4 a5 10. c5 Be7 11. Bb2 axb4 12. axb4 Qc7 13. Re1 Rfd8 14. Qc2 b6 15.
cxb6 Qxb6 16. Nd4 Bxb4 17. Nxc6 Rac8 18. Rec1 Bc5 19. Qa4 Qxc6 20. Qxc6 Rxc6
21. d4 Rb6 22. dxc5 Rxb2 23. Nf3 Nxc5 24. Rxc5 Ne4 25. Rc7 Rxe2 26. Nd4 Rd2 27.
Nc6 Rf8 28. Ne7+ Kh8 29. Nxf5 exf5 30. Rxf7 Kg8 31. Rd7 Nf6 32. Rc7 Rf7 33.
Ra8+ Rf8 34. Raa7 Ne8 35. Rd7 Rd1+ 36. Bf1 f4 37. Ra5 Nf6 38. Re7 fxg3 39. hxg3
d4 40. Raa7 d3 41. Kg2 d2 42. Bc4+ Kh8 43. Bb3 Rb1 44. Bc2 d1=Q 45. Bxd1 Rxd1
46. Rxg7 Rfd8 47. Rgf7 R1d7 48. Raxd7 Nxd7 49. Re7 Nf8 50. Rf7 Ng6 51. Rb7 Re8
52. Ra7 Re7 53. Ra6 Kg7 54. Rb6 Re2 55. Rb4 Ne5 56. Ra4 Kf6 57. Rf4+ Kg5 58.
Rf8 Ng4 59. Rf3 Re6 60. Ra3 Kg6 61. Rb3 Rf6 62. Rb2 Rf5 63. Rb6+ Rf6 64. Rb2
Ne5 65. Ra2 Nd3 66. Re2 Kg5 67. Ra2 Rb6 68. Ra5+ Kg6 69. Ra2 Rb2 70. Ra6+ Kf5
71. Ra5+ Ke6 72. Ra6+ Kd5 73. Rf6 Ke5 74. Rf8 Rb6 75. Ra8 Ne1+ 76. Kf1 Nf3 77.
Kg2 Rf6 78. Ra5+ Ke4 79. Ra4+ Kd3 80. Ra8 Ne1+ 81. Kf1 Kd2 82. Ra2+ Nc2 83. Kg2
Kd1 84. Kg1 Ne1 85. Kf1 Rh6 86. Ra1+ Kd2 87. Ra2+ Nc2 88. Kg2 Kd3 89. Ra8 Ne1+
90. Kg1 Nf3+ 91. Kg2 Nd4 92. Ra3+ Ke4 93. Ra4 1/2-1/2

[Event "British Columbia-ch U20"]
[Site "Richmond CAN"]
[Date "2019.11.10"]
[Round "3.3"]
[White "Qiu, Andrew Yu"]
[Black "Wang, Alex Jiale"]
[Result "0-1"]
[WhiteElo "1681"]
[BlackElo "1756"]
[PlyCount "58"]
[EventDate "2019.11.09"]
[EventType "swiss"]
[EventRounds "5"]
[EventCountry "CAN"]

1. e4 c5 2. Nf3 d6 3. d4 cxd4 4. Nxd4 Nf6 5. Nc3 a6 6. Be3 e6 7. Be2 Be7 8. f3
Qc7 9. Qd2 O-O 10. O-O-O b5 11. g4 Nc6 12. g5 Nd7 13. f4 Bb7 14. h4 b4 15. Na4
Nxd4 16. Qxd4 Rac8 17. Rd2 Qa5 18. b3 Nc5 19. Nxc5 dxc5 20. Qa1 Bxe4 21. Rg1 c4
22. Bxc4 Rxc4 23. bxc4 Qa3+ 24. Kb1 Qxe3 25. Rdd1 Qxf4 26. Qd4 e5 27. Qd7 Qf2
28. Rc1 Bxc2+ 29. Ka1 Bc5 0-1

[Event "British Columbia-ch U20"]
[Site "Richmond CAN"]
[Date "2019.11.10"]
[Round "3.4"]
[White "Jiang, Kate"]
[Black "Mok, Gillian"]
[Result "0-1"]
[WhiteElo "1952"]
[BlackElo "1605"]
[PlyCount "70"]
[EventDate "2019.11.09"]
[EventType "swiss"]
[EventRounds "5"]
[EventCountry "CAN"]

1. e4 e5 2. Nf3 Nc6 3. Bb5 a6 4. Ba4 Nf6 5. O-O Be7 6. Re1 b5 7. Bb3 O-O 8. h3
d6 9. c3 Na5 10. Bc2 c5 11. d4 cxd4 12. cxd4 Qc7 13. Nc3 Bb7 14. Nd5 Nxd5 15.
exd5 Bxd5 16. dxe5 Bxf3 17. gxf3 dxe5 18. Qd3 f5 19. Qd5+ Kh8 20. Qxe5 Bd6 21.
Qe2 Nc6 22. Be3 Rae8 23. Rac1 Qf7 24. Red1 Qg6+ 25. Kh1 Rf6 26. f4 Bxf4 27. Rg1
Qh6 28. Qf3 Bxe3 29. Rce1 f4 30. fxe3 fxe3 31. Qg4 Rff8 32. Rg3 Ne5 33. Qd1
Qc6+ 34. Rg2 Rf2 35. Re2 Qxg2# 0-1

[Event "British Columbia-ch U20"]
[Site "Richmond CAN"]
[Date "2019.11.10"]
[Round "3.5"]
[White "Yang, Henry"]
[Black "James, Rowan"]
[Result "1/2-1/2"]
[WhiteElo "1547"]
[BlackElo "1951"]
[PlyCount "74"]
[EventDate "2019.11.09"]
[EventType "swiss"]
[EventRounds "5"]
[EventCountry "CAN"]

1. d4 d5 2. c4 e6 3. g3 Nf6 4. Nf3 Be7 5. Bg2 O-O 6. O-O dxc4 7. Ne5 Nc6 8.
Bxc6 bxc6 9. Nxc6 Qd6 10. Nxe7+ Qxe7 11. Nc3 c5 12. dxc5 Qxc5 13. Be3 Qc6 14.
Qa4 Bb7 15. Qxc6 Bxc6 16. Rfd1 Rab8 17. Rab1 Rb7 18. Bf4 Be4 19. Nxe4 Nxe4 20.
f3 Nf6 21. Rdc1 Rc8 22. Rc2 Nd5 23. Rbc1 Nxf4 24. gxf4 Rbc7 25. Rc3 Kf8 26. b3
Rc5 27. Rxc4 Rxc4 28. Rxc4 Ra8 29. Ra4 Ke7 30. Ra6 Kd7 31. Kf2 Kc7 32. e4 Kb7
33. Rd6 Kc7 34. e5 Rb8 35. Ke3 Rb5 36. Ra6 Kb7 37. Rd6 Kc7 1/2-1/2